Primera Ley de Amparo de 1861 /
Obra divida en dos grandes partes: La primera analiza el alcance y la naturaleza de la tesis de Mariano Otero en su proyecto de Ley de Amparo de 1847; La segunda estudia el tema en el constituyente de 1856 y los intentos sucesivos para reglamentar el amparo
Guardat en:
| Autor principal: | |
|---|---|
| Format: | Llibre |
| Idioma: | espanyol |
| Publicat: |
México :
UNAM,
1987
|
| Col·lecció: | (Serie A. Fuentes. Textos y Estudios Legislativos ;
14) |
| Matèries: | |
| Etiquetes: |
Sense etiquetes, Sigues el primer a etiquetar aquest registre!
|
MARC
| LEADER | 00000nam^a2200000^a^4500 | ||
|---|---|---|---|
| 001 | 000026117 | ||
| 005 | 20250521000000.0 | ||
| 009 | 20260310084717.78 | ||
| 020 | |a 968-36-0110-3 | ||
| 037 | |a Acervo ITESO - Biblioteca | ||
| 041 | |a ESP | ||
| 082 | |a 347. 08 |b BAR | ||
| 100 | |a Barragán Barragán, José |e (autor) | ||
| 245 | 1 | 0 | |a Primera Ley de Amparo de 1861 / |c J. Barragán Barragán. |
| 264 | 1 | |a México : |b UNAM, |c 1987 | |
| 300 | |a 222 p. | ||
| 336 | |a texto |b txt |2 rdacontenido | ||
| 337 | |a sin mediación |b n |2 rdamedio | ||
| 338 | |a volumen |b nc |2 rdasoporte | ||
| 440 | 1 | |a (Serie A. |p Fuentes. Textos y Estudios Legislativos ; |v 14) | |
| 520 | |a Obra divida en dos grandes partes: La primera analiza el alcance y la naturaleza de la tesis de Mariano Otero en su proyecto de Ley de Amparo de 1847; La segunda estudia el tema en el constituyente de 1856 y los intentos sucesivos para reglamentar el amparo | ||
| 649 | |a XX | ||
| 650 | |a Derecho Público | ||
| 650 | |a Amparo - |z México | ||
| 650 | |a Amparo - |z México | ||
| 910 | |a Fondo General | ||
| 920 | |a Impresos - Libros | ||
| 930 | |a Colección General | ||
| 905 | |a 101 | ||
| 901 | |a 0261170100 |b IT1 |c ACC |i 026117 |u 20250521 | ||
| 902 | |a https://opac.biblio.iteso.mx/vufind/Record/000026117 | ||